Cuatro mujeres imprescindibles / (Registro nro. 30669)

Detalles MARC
000 -LEADER
fixed length control field 00267nam a22000977a 4500
008 - FIXED-LENGTH DATA ELEMENTS--GENERAL INFORMATION
fixed length control field 240220b |||||||| |||| 00| 0 eng d
082 ## - DEWEY DECIMAL CLASSIFICATION NUMBER
Classification number 920.72
Item number D87c
100 10 - MAIN ENTRY--PERSONAL NAME
Personal name Durán, Renata
Relator term autor
9 (RLIN) 43470
245 ## - TITLE STATEMENT
Title Cuatro mujeres imprescindibles /
Statement of responsibility, etc. Renata Durán
942 ## - ADDED ENTRY ELEMENTS (KOHA)
Source of classification or shelving scheme Dewey Decimal Classification
Existencias
Withdrawn status Lost status Source of classification or shelving scheme Damaged status Not for loan Home library Current library Shelving location Date acquired Total Checkouts Full call number Barcode Date last seen Date last checked out Copy number Price effective from Non-public note Koha item type Public note
    Dewey Decimal Classification     Biblored Biblioteca Pública José María del Castillo y Rada General Stacks 02/16/2024 1 920.72 D87c 35714005487039 04/09/2024 04/09/2024 Ej.1 02/20/2024 manchado y ondeado fuerte Books Material Interbibliotecario BibloRed